C'est Écrit - Francis Cabrel : Paroles - Statistiques

Statistiques générales
  • Ce quiz a été pris 53 fois
  • Le résultat moyen est 202 sur 264
Statistiques - réponses
Paroles % Correct
de
100%
le
100%
les
100%
te
100%
la
98%
tu
98%
à
96%
ces
96%
c'est
96%
dans
96%
écrit
96%
et
96%
me
96%
des
94%
Elle
94%
elle
94%
jour
91%
nuit
91%
plus
89%
ta
89%
mais
85%
ni
85%
que
85%
tes
85%
t'es
85%
toi
85%
cours
83%
fera
83%
n'en
83%
par
83%
sort
83%
danse
81%
mémoire
81%
moi
81%
nuages
81%
pas
81%
y
81%
avant
79%
bien
79%
je
79%
brouillards
77%
l'âge
77%
derrière
74%
histoire
74%
sur
74%
autre
72%
cherches
72%
course
72%
d'un
72%
qu'elle
72%
qui
72%
vieillir
72%
changer
70%
vapeurs
68%
fois
66%
j'ai
66%
même
66%
parfums
66%
aime
64%
cent
64%
diables
64%
l'emportent
64%
rêve
64%
rêves
64%
sans
64%
t'en
64%
voudra
64%
pardonneras
62%
pardonnes
62%
tous
62%
veut
62%
depuis
60%
hurler
60%
nuits
60%
passé
60%
perdras
60%
jours
57%
57%
ports
57%
projets
57%
ses
57%
yeux
57%
mettra
55%
qu'à
55%
route
55%
t'entendras
55%
y'a
55%
autour
53%
bars
53%
blessée
53%
qu'est-ce
53%
regarder
53%
vécu
53%
voit
53%
balayer
51%
bras
51%
compte
51%
dehors
51%
déjà
51%
heures
51%
histoires
51%
n'est
51%
rentrera
51%
belle
49%
d'amours
49%
moments
49%
passeras
49%
dessine
47%
ombres
47%
vraiment
47%
personne
45%
réfléchir
45%
videras
45%
forts
43%
n'écoute
43%
t'enroule
38%
dire
34%
cordes
32%
dentelles
32%
jusqu'aux
32%
prieras
32%
t'écouterai
26%
soupires
15%
oh
13%
Aucun quiz correspondant
Distribution des résultats
% des personnes avec chaque résultat
Percentile par nombre de réponses
Votre historique - résultats
Vous n’avez pas pris ce quiz